Iglesia pobre y para los pobres.
Saved in:
| Main Author: | |
|---|---|
| Other Authors: | , , , |
| Format: | Book |
| Language: | English |
| Published: |
Madrid, España:
San Pablo,
2014.
|
| Subjects: | |
| Tags: |
Add Tag
No Tags, Be the first to tag this record!
|
MARC
| LEADER | 00000nam a22000007a 4500 | ||
|---|---|---|---|
| 003 | CL-VaPUC | ||
| 005 | 20250103100420.0 | ||
| 008 | 230920t2014 ||||| |||| 00| 0 eng d | ||
| 999 | |c 441821 |d 441819 | ||
| 020 | |a 978-84-285-4566-2 | ||
| 040 | |c Pontificia Universidad Católica de Valparaíso | ||
| 082 | |2 22 |a 230.0464 MUL 2014 | ||
| 100 | |9 491136 |a Müller, Gerhard Ludwig |e autor | ||
| 245 | |a Iglesia pobre y para los pobres. | ||
| 260 | |a Madrid, España: |b San Pablo, |c 2014. | ||
| 300 | |a 245 páginas. | ||
| 500 | |a c.1 Donación Sr. Jorge Precht Pizarro. 26-05-23. Biblioteca Teología. | ||
| 583 | |c 20230920 |k Yessy Sthefany Diaz Vidal | ||
| 650 | 0 | |9 258652 |a Pobreza |x Aspectos religiosos |x Cristianismo |z América Latina | |
| 650 | 0 | |a Iglesia Católica |x Misión y solidaridad |x Personas pobres |z América Latina |9 256114 | |
| 650 | 0 | |9 255471 |a Teología de la liberación |x Cristianismo |z América Latina | |
| 700 | |9 884676 |a Francisco, Papa |e presentación | ||
| 700 | |9 884677 |a Azzaro, Pierluca |e edición | ||
| 700 | |9 884252 |a Gutiérrez, Gustavo |e escritos | ||
| 700 | |9 884678 |a Sayer, Josef |e escritos | ||
| 942 | |2 ddc |c BK | ||
| 952 | |0 0 |1 0 |2 ddc |4 0 |6 230_046400000000000_MUL_2014 |7 0 |8 A |9 591624 |a BIBTEO |b BIBTEO |d 2023-09-20 |e Donación |i 5658671 |o 230.0464 MUL 2014 |p 5658671 |r 2025-01-17 |t 1 |w 2023-09-20 |y BK |k ICR | ||